[Event "2. BUNDESLIGA MITTE 2017/2018"]
[Site "St. Valentin, Pinggau/Villach/Taufkirchen, Fuerstenfeld, St. Veit"]
[Date "2017.11.26"]
[Round "6"]
[Board "6"]
[White "Ofner, Maximilian"]
[Black "Koelber, Daniel"]
[Result "1/2-1/2"]
[WhiteElo "2186"]
[BlackElo "2049"]
[PlyCount "75"]
[EventDate "2017.10.27"]
[EventType "team"]
[EventRounds "11"]
[EventCountry "AUT"]
[WhiteTeam "RbEj Gleisdorf"]
[BlackTeam "Leoben"]

1. e4 c5 2. Nf3 e6 3. g3 Nc6 4. Bg2 g6 5. O-O Bg7 6. c3 d5 7. exd5 exd5 8. d4
cxd4 9. Nxd4 Nxd4 10. cxd4 Ne7 11. Nc3 O-O 12. Qb3 Nc6 13. Qxd5 Nxd4 14. Qxd8
Rxd8 15. Bf4 Ne6 16. Be3 Nd4 17. Bf4 Ne6 18. Be3 Nd4 19. Rad1 Bg4 20. f3 Be6
21. Bf2 Nc6 22. f4 Bxc3 23. bxc3 Bxa2 24. Rxd8+ Rxd8 25. Bxc6 bxc6 26. Bxa7 Rd2
27. Bd4 Re2 28. Bf6 Rb2 29. Rd1 Rb1 30. Rxb1 Bxb1 31. Kf2 Kf8 32. Kf3 h5 33. g4
hxg4+ 34. Kxg4 Ke8 35. Kg5 Kd7 36. h4 Ke6 37. Bd4 Bc2 38. Bg7  1/2-1/2

[Event "2. BUNDESLIGA MITTE 2017/2018"]
[Site "St. Valentin, Pinggau/Villach/Taufkirchen, Fuerstenfeld, St. Veit"]
[Date "2017.11.26"]
[Round "6"]
[Board "1"]
[White "Perunovic, Milos"]
[Black "Schnider, Gert"]
[Result "1-0"]
[WhiteElo "2596"]
[BlackElo "2412"]
[PlyCount "141"]
[EventDate "2017.10.27"]
[EventType "team"]
[EventRounds "11"]
[EventCountry "AUT"]
[WhiteTeam "SPG Sparkasse Pinggau-Friedberg"]
[BlackTeam "Schachfreunde Graz"]

1. e4 e5 2. Nf3 Nc6 3. d4 exd4 4. Nxd4 Nf6 5. Nxc6 bxc6 6. e5 Qe7 7. Qe2 Nd5 8.
h4 d6 9. c4 Nb6 10. exd6 cxd6 11. Be3 Be6 12. Qc2 Qf6 13. Nd2 Bf5 14. Bd3 Bxd3
15. Qxd3 Qg6 16. Qe2 Be7 17. O-O Qe6 18. Rfe1 O-O 19. Qd3 Qd7 20. Nf3 Rfe8 21.
Rad1 Qg4 22. Bg5 Bxg5 23. hxg5 Nxc4 24. Rxe8+ Rxe8 25. b3 Ne5 26. Nxe5 Rxe5 27.
Qxd6 Re8 28. Rc1 Qxg5 29. Qxc6 Rd8 30. Qc5 Qd2 31. a4 h6 32. b4 Qf4 33. g3 Qf3
34. Qxa7 Rd5 35. Qe3 Rd1+ 36. Rxd1 Qxd1+ 37. Kh2 Qxa4 38. Qc5 h5 39. b5 h4 40.
b6 hxg3+ 41. Kxg3 Qb3+ 42. Kh2 Qb2 43. Kg2 Qb1 44. Qc8+ Kh7 45. b7 Qg6+ 46. Kf3
Qd3+ 47. Kf4 Qd4+ 48. Kg3 Qd6+ 49. f4 Qd3+ 50. Kh4 g5+ 51. Kxg5 Qg3+ 52. Kf6
Qh4+ 53. Ke5 Qe1+ 54. Kf5 Qb1+ 55. Kf6 Qg6+ 56. Ke7 Qe4+ 57. Kxf7 Qxf4+ 58. Ke7
Qe4+ 59. Kd8 Qh4+ 60. Kc7 Qf4+ 61. Kb6 Qb4+ 62. Ka7 Qa4+ 63. Kb8 Kh6 64. Qe6+
Kh5 65. Kc8 Qc2+ 66. Kd8 Qd3+ 67. Ke7 Qa3+ 68. Qd6 Qe3+ 69. Kd7 Qh3+ 70. Kc6
Qf3+ 71. Qd5+  1-0

[Event "2. BUNDESLIGA MITTE 2017/2018"]
[Site "St. Valentin, Pinggau/Villach/Taufkirchen, Fuerstenfeld, St. Veit"]
[Date "2017.11.26"]
[Round "6"]
[Board "2"]
[White "Huber, Martin Christian"]
[Black "Ftacnik, Lubomir"]
[Result "1/2-1/2"]
[WhiteElo "2365"]
[BlackElo "2520"]
[PlyCount "61"]
[EventDate "2017.10.27"]
[EventType "team"]
[EventRounds "11"]
[EventCountry "AUT"]
[WhiteTeam "Schachfreunde Graz"]
[BlackTeam "SPG Sparkasse Pinggau-Friedberg"]

1. Nf3 Nf6 2. c4 g6 3. Nc3 d5 4. cxd5 Nxd5 5. h4 Bg7 6. e4 Nxc3 7. dxc3 Qxd1+
8. Kxd1 Nd7 9. Bc4 Nf6 10. Re1 Ng4 11. Ke2 Bd7 12. a4 e6 13. h5 a6 14. Rh1 O-O
15. Rh4 Ne5 16. Nxe5 Bxe5 17. Bg5 b5 18. Rd1 bxc4 19. Rxd7 Rab8 20. Bc1 Rfd8
21. Rxd8+ Rxd8 22. Rh1 Kf8 23. hxg6 hxg6 24. Rd1 Rxd1 25. Kxd1 Ke7 26. Kc2 Kd7
27. b3 cxb3+ 28. Kxb3 Kc6 29. Kc4 Bd6 30. Be3 Be7 31. f3  1/2-1/2

[Event "2. BUNDESLIGA MITTE 2017/2018"]
[Site "St. Valentin, Pinggau/Villach/Taufkirchen, Fuerstenfeld, St. Veit"]
[Date "2017.11.26"]
[Round "6"]
[Board "3"]
[White "Milanovic, Danilo"]
[Black "Kravanja, Georg"]
[Result "1-0"]
[WhiteElo "2488"]
[BlackElo "2267"]
[PlyCount "139"]
[EventDate "2017.10.27"]
[EventType "team"]
[EventRounds "11"]
[EventCountry "AUT"]
[WhiteTeam "SPG Sparkasse Pinggau-Friedberg"]
[BlackTeam "Schachfreunde Graz"]

1. c4 Nf6 2. Nc3 c6 3. d4 d5 4. Nf3 e6 5. e3 Be7 6. Bd3 Nbd7 7. b3 O-O 8. O-O
b6 9. Bb2 Bb7 10. Qe2 c5 11. Rfd1 Rc8 12. cxd5 cxd4 13. Nxd4 exd5 14. Nf5 g6
15. Nxe7+ Qxe7 16. Nb5 a6 17. Nd4 Nc5 18. Rac1 Nxd3 19. Qxd3 Ne4 20. Ne2 f6 21.
Qd4 Rxc1 22. Rxc1 Qd6 23. Rd1 Qc5 24. Qxc5 bxc5 25. f3 Nd6 26. Ba3 Rc8 27. Rc1
Nf7 28. Bxc5 Ne5 29. Rc3 Kf7 30. Bd4 Rxc3 31. Nxc3 Nc6 32. Kf2 Ke6 33. Ke2 a5
34. Bb6 Ba6+ 35. Kf2 Kd6 36. Na4 Bb5 37. Nc3 Ba6 38. Na4 Bb5 39. Bc5+ Ke6 40.
Nc3 Ba6 41. Bd4 Bd3 42. Ke1 Ba6 43. Na4 Bc8 44. Kd2 f5 45. Kc3 Kd6 46. Nc5 Nd8
47. a3 Kc6 48. b4 axb4+ 49. Kxb4 Ne6 50. Nd3 Ba6 51. Ne5+ Kc7 52. f4 Bf1 53. g3
Be2 54. a4 Kb7 55. a5 Kc7 56. Kc3 Ba6 57. Kd2 Bb5 58. Ke1 Kd6 59. Kd2 Nd8 60.
Bb6 Ne6 61. Kc3 Ba6 62. Nf3 Bf1 63. Ne1 Ba6 64. Nc2 Kc6 65. Nb4+ Kb5 66. Nxd5
Bb7 67. Nf6 h5 68. Ng8 Bc6 69. Ne7 Be8 70. Kd3  1-0

[Event "2. BUNDESLIGA MITTE 2017/2018"]
[Site "St. Valentin, Pinggau/Villach/Taufkirchen, Fuerstenfeld, St. Veit"]
[Date "2017.11.26"]
[Round "6"]
[Board "4"]
[White "Teuschler, Barbara"]
[Black "Mahdy, Khaled"]
[Result "0-1"]
[WhiteElo "2202"]
[BlackElo "2394"]
[PlyCount "104"]
[EventDate "2017.10.27"]
[EventType "team"]
[EventRounds "11"]
[EventCountry "AUT"]
[WhiteTeam "Schachfreunde Graz"]
[BlackTeam "SPG Sparkasse Pinggau-Friedberg"]

1. e4 e5 2. Nf3 Nc6 3. Bc4 Be7 4. c3 Nf6 5. d3 O-O 6. O-O d6 7. Bb3 h6 8. Re1
Nh7 9. Be3 Bf6 10. h3 Re8 11. Nbd2 Be6 12. d4 Bxb3 13. Qxb3 b6 14. Rad1 Qc8 15.
Qc4 Qb7 16. d5 Ne7 17. Nf1 Qc8 18. Ng3 Rf8 19. Bc1 Bg5 20. Nxg5 hxg5 21. Rd3 g6
22. Nf1 Kh8 23. g4 f5 24. f3 Kg7 25. Re2 f4 26. Rh2 Nf6 27. Rdd2 Rh8 28. b4 Qd7
29. b5 a6 30. a4 axb5 31. axb5 Ra5 32. Rb2 Rha8 33. Qe2 Neg8 34. c4 Nh6 35. Bd2
Ra3 36. Bb4 Ra1 37. Qc2 Nf7 38. Qb3 Qc8 39. Ra2 Qh8 40. Rxa1 Rxa1 41. Bc3 Ra7
42. Nd2 Nd7 43. Bb4 Nc5 44. Bxc5 dxc5 45. Qb2 Ra4 46. Qb3 Ra1+ 47. Nf1 Qa8 48.
Rb2 Qa5 49. Rb1 Ra3 50. Qd1 Qc3 51. Nd2 Qd4+ 52. Kh1 Rd3  0-1

[Event "2. BUNDESLIGA MITTE 2017/2018"]
[Site "St. Valentin, Pinggau/Villach/Taufkirchen, Fuerstenfeld, St. Veit"]
[Date "2017.11.26"]
[Round "6"]
[Board "5"]
[White "Danner, Georg"]
[Black "Domarkaite, Laima"]
[Result "1-0"]
[WhiteElo "2316"]
[BlackElo "2129"]
[PlyCount "97"]
[EventDate "2017.10.27"]
[EventType "team"]
[EventRounds "11"]
[EventCountry "AUT"]
[WhiteTeam "SPG Sparkasse Pinggau-Friedberg"]
[BlackTeam "Schachfreunde Graz"]

1. d4 d5 2. Nf3 Nf6 3. c4 e6 4. e3 a6 5. Nbd2 Be7 6. Bd3 Nbd7 7. b3 c5 8. Bb2
b6 9. cxd5 exd5 10. Rc1 Bb7 11. O-O O-O 12. Qe2 Re8 13. Rfd1 Bd6 14. Nf1 Qe7
15. Ng3 g6 16. Ba1 Ne4 17. dxc5 bxc5 18. Bxe4 dxe4 19. Nd2 Rad8 20. Nc4 Be5 21.
Rxd7 Rxd7 22. Nxe5 Rd6 23. Ng4 f6 24. Nh6+ Kf8 25. Nhf5 gxf5 26. Nxf5 Qd7 27.
Nxd6 Qxd6 28. Qh5 Rd8 29. h3 Kg7 30. Bb2 Qd5 31. Qg4+ Kf7 32. Qh4 Qf5 33. g4
Qg6 34. Rxc5 Rd7 35. Rh5 Kg7 36. Bxf6+ Kf8 37. Bd4 Bd5 38. Rf5+ Bf7 39. Rf6 Qg7
40. Rd6 Rxd6 41. Bxg7+ Kxg7 42. Qg5+ Kf8 43. Qc5 Ke7 44. Kh2 Bg6 45. Kg3 Kd7
46. h4 h6 47. h5 Be8 48. b4 Re6 49. a4  1-0

[Event "2. BUNDESLIGA MITTE 2017/2018"]
[Site "St. Valentin, Pinggau/Villach/Taufkirchen, Fuerstenfeld, St. Veit"]
[Date "2017.11.26"]
[Round "6"]
[Board "6"]
[White "Kastner, Walter"]
[Black "Schieder, Andreas"]
[Result "1/2-1/2"]
[WhiteElo "2191"]
[BlackElo "2237"]
[PlyCount "113"]
[EventDate "2017.10.27"]
[EventType "team"]
[EventRounds "11"]
[EventCountry "AUT"]
[WhiteTeam "Schachfreunde Graz"]
[BlackTeam "SPG Sparkasse Pinggau-Friedberg"]

1. d4 d6 2. g3 e5 3. Bg2 exd4 4. Qxd4 Nc6 5. Qe3+ Be7 6. Nc3 Nf6 7. Qd2 O-O 8.
Nh3 d5 9. Nf4 d4 10. Ncd5 Nxd5 11. Nxd5 Bc5 12. O-O Ne7 13. b4 Bd6 14. Bb2 c6
15. Nxe7+ Qxe7 16. Qxd4 f6 17. c3 a5 18. a3 Qxe2 19. Qxd6 Qxb2 20. Qc5 axb4 21.
Qxb4 Qxb4 22. cxb4 Be6 23. a4 Rad8 24. Rfd1 Kf7 25. a5 Bc4 26. Bf1 Bxf1 27.
Kxf1 Rfe8 28. Rxd8 Rxd8 29. a6 b5 30. a7 Ra8 31. Ra6 Ke7 32. Rxc6 Rxa7 33. Rb6
Kd7 34. Rxb5 Kc6 35. Rc5+ Kb6 36. h4 Re7 37. Rc4 Kb5 38. Rd4 g6 39. Kg2 h5 40.
Kf3 Re6 41. Kf4 Re2 42. Kf3 Re5 43. Re4 Rf5+ 44. Rf4 Rxf4+ 45. Kxf4 Kxb4 46. f3
Kc5 47. g4 hxg4 48. fxg4 Kd6 49. h5 gxh5 50. gxh5 Ke7 51. Kf5 Kf7 52. h6 Kg8
53. Kxf6 Kh7 54. Kg5 Kh8 55. Kg6 Kg8 56. h7+ Kh8 57. Kh6  1/2-1/2

[Event "2. BUNDESLIGA MITTE 2017/2018"]
[Site "St. Valentin, Pinggau/Villach/Taufkirchen, Fuerstenfeld, St. Veit"]
[Date "2018.02.09"]
[Round "7"]
[Board "1"]
[White "Riemelmoser, Franz"]
[Black "Schmidt, Peter"]
[Result "0-1"]
[WhiteElo "2346"]
[BlackElo "2392"]
[PlyCount "94"]
[EventDate "2017.10.27"]
[EventType "team"]
[EventRounds "11"]
[EventCountry "AUT"]
[WhiteTeam "ESV ASKOE Admira Villach"]
[BlackTeam "SPG Sauwald"]

1. c4 Nf6 2. g3 c6 3. Bg2 d5 4. Nf3 g6 5. b3 Bg7 6. Bb2 O-O 7. O-O Nbd7 8. Qc2
Re8 9. Ne5 Nxe5 10. Bxe5 Bf5 11. d3 Qd7 12. Rc1 Bh3 13. Bh1 Qf5 14. d4 Qh5 15.
cxd5 cxd5 16. Qd2 Bh6 17. Bf4 Bxf4 18. Qxf4 Qxe2 19. Nc3 Qg4 20. Nxd5 Nxd5 21.
Qxg4 Bxg4 22. Bxd5 Rad8 23. Bxb7 Rxd4 24. Rc7 a5 25. Rac1 Bh3 26. Bg2 Bxg2 27.
Kxg2 a4 28. R1c4 e5 29. Rc8 Rxc8 30. Rxc8+ Kg7 31. Rc4 Rxc4 32. bxc4 Kf6 33.
Kf3 Ke6 34. g4 h6 35. Ke4 f5+ 36. gxf5+ gxf5+ 37. Kd3 Kd6 38. f3 a3 39. Kc3 Kc5
40. h3 h5 41. h4 e4 42. fxe4 fxe4 43. Kb3 Kd4 44. c5 Kxc5 45. Kc3 Kd5 46. Kd2
Kd4 47. Ke2 Kc3  0-1

[Event "2. BUNDESLIGA MITTE 2017/2018"]
[Site "St. Valentin, Pinggau/Villach/Taufkirchen, Fuerstenfeld, St. Veit"]
[Date "2018.02.09"]
[Round "7"]
[Board "2"]
[White "Renner, Christoph"]
[Black "Reichmann, Egon"]
[Result "1-0"]
[WhiteElo "2349"]
[BlackElo "2265"]
[PlyCount "77"]
[EventDate "2017.10.27"]
[EventType "team"]
[EventRounds "11"]
[EventCountry "AUT"]
[WhiteTeam "SPG Sauwald"]
[BlackTeam "ESV ASKOE Admira Villach"]

1. e4 c6 2. d4 d5 3. exd5 cxd5 4. Bd3 Nc6 5. c3 Nf6 6. Bf4 g6 7. Nf3 Bg7 8. O-O
O-O 9. Nbd2 Nh5 10. Be3 f5 11. Nb3 f4 12. Bd2 Qd6 13. Re1 Bg4 14. Be2 Rae8 15.
h3 Bc8 16. Nc1 Nf6 17. Bb5 Ne4 18. Nd3 Bd7 19. a4 Kh8 20. Nfe5 f3 21. Bxc6 bxc6
22. Bf4 Rxf4 23. Nxf4 Rf8 24. Qxf3 g5 25. Nfg6+ hxg6 26. Nf7+ Rxf7 27. Qxf7 e5
28. dxe5 Bxe5 29. Rad1 Bf5 30. g4 Bh2+ 31. Kg2 Qf4 32. Re2 Bg3 33. Qf8+ Kh7 34.
Qf7+ Kh8 35. gxf5 Bxf2 36. Qf8+ Kh7 37. fxg6+ Kxg6 38. Qxf4 gxf4 39. Rxf2  1-0

[Event "2. BUNDESLIGA MITTE 2017/2018"]
[Site "St. Valentin, Pinggau/Villach/Taufkirchen, Fuerstenfeld, St. Veit"]
[Date "2018.02.09"]
[Round "7"]
[Board "3"]
[White "Perhinig, Robert"]
[Black "Testor, Sebastian"]
[Result "1/2-1/2"]
[WhiteElo "2264"]
[BlackElo "2293"]
[PlyCount "92"]
[EventDate "2017.10.27"]
[EventType "team"]
[EventRounds "11"]
[EventCountry "AUT"]
[WhiteTeam "ESV ASKOE Admira Villach"]
[BlackTeam "SPG Sauwald"]

1. Nf3 Nf6 2. c4 c5 3. Nc3 e6 4. g3 b6 5. Bg2 Bb7 6. O-O a6 7. b3 d6 8. Bb2 Be7
9. e4 Nbd7 10. d4 cxd4 11. Qxd4 Qc7 12. Rfe1 O-O 13. Rad1 Rac8 14. Ba3 Nc5 15.
Bxc5 Qxc5 16. Qxc5 Rxc5 17. e5 Bxf3 18. exf6 Bxf6 19. Bxf3 Bxc3 20. Re3 Bb4 21.
Rxd6 Rxc4 22. Rd7 Rc3 23. Rxc3 Bxc3 24. Ra7 a5 25. Ra8 Rxa8 26. Bxa8 Kf8 27.
Kf1 Ke7 28. Ke2 Bd4 29. Be4 f5 30. Bd3 g5 31. h3 h5 32. f3 Kf6 33. Bb5 Be5 34.
g4 h4 35. Bd7 Bd6 36. Bc8 Ba3 37. gxf5 Kxf5 38. Kd3 Ke5 39. Kc4 Be7 40. Kd3 Kd5
41. a4 Ke5 42. Ke2 Bc5 43. Kf1 Kd5 44. Ke2 Bd6 45. Kd3 Bc7 46. Bd7 Bd6  1/2-1/2

[Event "2. BUNDESLIGA MITTE 2017/2018"]
[Site "St. Valentin, Pinggau/Villach/Taufkirchen, Fuerstenfeld, St. Veit"]
[Date "2018.02.09"]
[Round "7"]
[Board "4"]
[White "Taggatz, Mario"]
[Black "Pantovic, Dragan M"]
[Result "1/2-1/2"]
[WhiteElo "2183"]
[BlackElo "2107"]
[PlyCount "95"]
[EventDate "2017.10.27"]
[EventType "team"]
[EventRounds "11"]
[EventCountry "AUT"]
[WhiteTeam "SPG Sauwald"]
[BlackTeam "ESV ASKOE Admira Villach"]

1. d4 d6 2. e4 g6 3. Nf3 Nf6 4. Bd3 Bg7 5. O-O O-O 6. c3 Nc6 7. Re1 e5 8. dxe5
Nxe5 9. Nxe5 dxe5 10. Bg5 h6 11. Bh4 Be6 12. Qc2 Qd7 13. Na3 c6 14. Nc4 Qc7 15.
a4 Nh5 16. Bf1 Bf6 17. Bxf6 Nxf6 18. f3 Rfd8 19. Red1 Kg7 20. Qf2 Bxc4 21. Bxc4
Qb6 22. b4 Kf8 23. a5 Qxf2+ 24. Kxf2 Rxd1 25. Rxd1 Ke7 26. Ke3 Ne8 27. g3 Nd6
28. Be2 Rc8 29. h4 Rd8 30. Rd2 f6 31. c4 Nf7 32. c5 Rxd2 33. Kxd2 Nd8 34. f4
Ne6 35. fxe5 fxe5 36. Bg4 Nd8 37. Bc8 a6 38. Ke3 Kf6 39. Kf3 h5 40. g4 Kg7 41.
g5 Kf7 42. Ke3 Ke7 43. Kd3 Ke8 44. Kc3 Kf7 45. Kc4 Ke7 46. Kd3 Ke8 47. Ke3 Ke7
48. Kd3  1/2-1/2

[Event "2. BUNDESLIGA MITTE 2017/2018"]
[Site "St. Valentin, Pinggau/Villach/Taufkirchen, Fuerstenfeld, St. Veit"]
[Date "2018.02.09"]
[Round "7"]
[Board "5"]
[White "Frank, Paul"]
[Black "Hellmayr, Alois"]
[Result "1-0"]
[WhiteElo "2217"]
[BlackElo "2256"]
[PlyCount "139"]
[EventDate "2017.10.27"]
[EventType "team"]
[EventRounds "11"]
[EventCountry "AUT"]
[WhiteTeam "ESV ASKOE Admira Villach"]
[BlackTeam "SPG Sauwald"]

1. Nf3 e6 2. g3 b5 3. e4 Bb7 4. d3 c5 5. Bg2 Nc6 6. O-O Nf6 7. e5 Nd5 8. c4
bxc4 9. dxc4 Nb6 10. b3 Be7 11. Nc3 O-O 12. Ne4 f6 13. exf6 Bxf6 14. Bg5 Bxg5
15. Nfxg5 Qe7 16. Qd6 h6 17. Nh3 Qxd6 18. Nxd6 Rab8 19. Ne4 Nd4 20. Nxc5 Nf3+
21. Kh1 Ba8 22. Rad1 Rf7 23. Ng1 Rc8 24. Nd3 Nxg1 25. Kxg1 Bxg2 26. Kxg2 Rc7
27. Rfe1 Rf5 28. Ne5 d5 29. g4 Rf8 30. Rd4 g5 31. Nd3 dxc4 32. bxc4 Rf6 33. c5
Nd5 34. Rc1 Kf7 35. Ra4 Ke7 36. Rcc4 Rf8 37. Kg3 Rfc8 38. Ra6 Rb8 39. Re4 Nf4
40. Nxf4 gxf4+ 41. Kxf4 Rf8+ 42. Kg3 Rf6 43. Re5 Rd7 44. Re3 Rc7 45. f4 Kf7 46.
h4 Rxc5 47. Rxa7+ Kf8 48. Rb3 Rf7 49. Rxf7+ Kxf7 50. a4 h5 51. gxh5 Rxh5 52.
Rb5 Rh8 53. a5 Ra8 54. Rg5 Rb8 55. Rc5 Rb3+ 56. Kg4 Kf6 57. h5 Rb1 58. a6 Rg1+
59. Kf3 Ra1 60. Rc6 Kf5 61. h6 Ra3+ 62. Ke2 Kf6 63. Kd2 Ra4 64. Ke3 Ra3+ 65.
Kd4 Ra4+ 66. Kc5 Rxf4 67. a7 Ra4 68. Kb6 Ra1 69. Kb7 Kf7 70. a8=Q  1-0

[Event "2. BUNDESLIGA MITTE 2017/2018"]
[Site "St. Valentin, Pinggau/Villach/Taufkirchen, Fuerstenfeld, St. Veit"]
[Date "2018.02.09"]
[Round "7"]
[Board "6"]
[White "Hiermann, Dietmar"]
[Black "Holzmann, Joerg"]
[Result "1/2-1/2"]
[WhiteElo "2257"]
[BlackElo "2189"]
[PlyCount "57"]
[EventDate "2017.10.27"]
[EventType "team"]
[EventRounds "11"]
[EventCountry "AUT"]
[WhiteTeam "SPG Sauwald"]
[BlackTeam "ESV ASKOE Admira Villach"]

1. e4 c5 2. Nf3 e6 3. d4 cxd4 4. Nxd4 a6 5. Nc3 Qc7 6. a3 Nf6 7. Bd3 d6 8. O-O
Nbd7 9. Nb3 Be7 10. f4 O-O 11. Qe2 b5 12. a4 b4 13. Nd1 Bb7 14. Nf2 Rfc8 15.
Bd2 d5 16. e5 Ne4 17. Be3 Ndc5 18. Bxe4 Nxe4 19. Nxe4 dxe4 20. Rf2 g6 21. a5
Bd5 22. Bb6 Qc4 23. Qe3 Qc6 24. Nd4 Qc4 25. Nb3 Qc6 26. Nd4 Qc4 27. Nb3 Qc6 28.
Nd4 Qc5 29. Nb3  1/2-1/2

[Event "2. BUNDESLIGA MITTE 2017/2018"]
[Site "St. Valentin, Pinggau/Villach/Taufkirchen, Fuerstenfeld, St. Veit"]
[Date "2018.02.09"]
[Round "7"]
[Board "1"]
[White "Tratar, Marko"]
[Black "Schnider, Gert"]
[Result "1-0"]
[WhiteElo "2456"]
[BlackElo "2412"]
[PlyCount "65"]
[EventDate "2017.10.27"]
[EventType "team"]
[EventRounds "11"]
[EventCountry "AUT"]
[WhiteTeam "SC MPOE Maria Saal 2"]
[BlackTeam "Schachfreunde Graz"]

1. Nf3 Nf6 2. g3 b5 3. e3 a6 4. b3 Bb7 5. c4 c6 6. Bg2 d5 7. O-O Nbd7 8. d4 g6
9. c5 Bg7 10. Nbd2 O-O 11. Bb2 b4 12. Qc2 a5 13. a3 Ba6 14. Rfe1 Ne8 15. Ne5
Nxe5 16. dxe5 Nc7 17. f4 Qd7 18. Nf3 Rfd8 19. h4 f6 20. Kh2 Rab8 21. axb4 axb4
22. h5 gxh5 23. Bh3 Qe8 24. Bf5 Bc8 25. Bxh7+ Kh8 26. Bg6 Qd7 27. f5 Nb5 28. e6
Qc7 29. Kg2 Nc3 30. Bxc3 bxc3 31. Rh1 Qb7 32. Rxh5+ Kg8 33. Nd4  1-0

[Event "2. BUNDESLIGA MITTE 2017/2018"]
[Site "St. Valentin, Pinggau/Villach/Taufkirchen, Fuerstenfeld, St. Veit"]
[Date "2018.02.09"]
[Round "7"]
[Board "2"]
[White "Huber, Martin Christian"]
[Black "Handler, Lukas"]
[Result "1-0"]
[WhiteElo "2365"]
[BlackElo "2392"]
[PlyCount "87"]
[EventDate "2017.10.27"]
[EventType "team"]
[EventRounds "11"]
[EventCountry "AUT"]
[WhiteTeam "Schachfreunde Graz"]
[BlackTeam "SC MPOE Maria Saal 2"]

1. Nf3 Nf6 2. g3 d5 3. Bg2 e6 4. O-O b6 5. c4 Nbd7 6. cxd5 exd5 7. Nc3 Bb7 8.
d4 Be7 9. Bf4 O-O 10. Rc1 c6 11. Ne1 Rc8 12. Nc2 Re8 13. Qd3 g6 14. Bf3 Nf8 15.
Rfd1 Ne6 16. Bh6 Qd7 17. Ne3 Kh8 18. Ng4 Nxg4 19. Bxg4 f5 20. Bf3 Bf6 21. e3
Nd8 22. h4 Nf7 23. Bf4 h6 24. Bg2 Rcd8 25. Nxd5 Bg7 26. g4 g5 27. hxg5 hxg5 28.
gxf5 gxf4 29. Nxf4 Bh6 30. Ne6 Rc8 31. d5 cxd5 32. Qd4+ Kh7 33. Qf6 Qe7 34.
Qg6+ Kh8 35. Qh5 Qf6 36. Nf4 Rg8 37. Rxc8 Rxc8 38. Bxd5 Bxd5 39. Rxd5 Qg5+ 40.
Qxg5 Bxg5 41. Ng6+ Kg7 42. Rd7 Kf6 43. e4 Rc4 44. Rxf7+  1-0

[Event "2. BUNDESLIGA MITTE 2017/2018"]
[Site "St. Valentin, Pinggau/Villach/Taufkirchen, Fuerstenfeld, St. Veit"]
[Date "2018.02.09"]
[Round "7"]
[Board "3"]
[White "Tomazini, Zan"]
[Black "Kravanja, Georg"]
[Result "1/2-1/2"]
[WhiteElo "2424"]
[BlackElo "2267"]
[PlyCount "107"]
[EventDate "2017.10.27"]
[EventType "team"]
[EventRounds "11"]
[EventCountry "AUT"]
[WhiteTeam "SC MPOE Maria Saal 2"]
[BlackTeam "Schachfreunde Graz"]

1. e4 c6 2. d4 d5 3. exd5 cxd5 4. c4 Nf6 5. Nc3 Nc6 6. Bg5 dxc4 7. Bxc4 Qxd4 8.
Qxd4 Nxd4 9. O-O-O e5 10. f4 Bg4 11. Re1 Nd7 12. fxe5 Be6 13. Bd5 Bxd5 14. Nxd5
Ne6 15. Nf3 Bc5 16. Re4 Nf6 17. Nc3 O-O 18. h4 h6 19. Bd2 Rfd8 20. Rg4 Kf8 21.
Ne4 Be7 22. Kb1 Rd5 23. Ng3 Rad8 24. Bc1 Nd7 25. Nf5 h5 26. Re4 Ndc5 27. Re2
Nd3 28. Be3 b6 29. a3 Bc5 30. Rf1 Bxe3 31. Nxe3 R5d7 32. Nf5 Ndf4 33. Rc2 Rd1+
34. Rxd1 Rxd1+ 35. Ka2 g6 36. Nd6 Nd3 37. Rc8+ Ke7 38. Ra8 Nxe5 39. Nxe5 Rxd6
40. Rxa7+ Kf6 41. Nc4 Rc6 42. Rxf7+ Kxf7 43. Ne5+ Kf6 44. Nxc6 Nf4 45. g3 Ne2
46. a4 Nxg3 47. b4 Ke6 48. a5 bxa5 49. bxa5 Kd6 50. Ne5 Kc5 51. Nxg6 Nf5 52. a6
Kb6 53. Kb3 Kxa6 54. Kc4  1/2-1/2

[Event "2. BUNDESLIGA MITTE 2017/2018"]
[Site "St. Valentin, Pinggau/Villach/Taufkirchen, Fuerstenfeld, St. Veit"]
[Date "2018.02.09"]
[Round "7"]
[Board "4"]
[White "Teuschler, Barbara"]
[Black "Hartl, Daniel"]
[Result "1/2-1/2"]
[WhiteElo "2202"]
[BlackElo "2270"]
[PlyCount "120"]
[EventDate "2017.10.27"]
[EventType "team"]
[EventRounds "11"]
[EventCountry "AUT"]
[WhiteTeam "Schachfreunde Graz"]
[BlackTeam "SC MPOE Maria Saal 2"]

1. e4 e5 2. Nf3 Nc6 3. Bc4 Nf6 4. d3 Be7 5. O-O O-O 6. Re1 d6 7. c3 h6 8. h3
Nh7 9. Nbd2 Kh8 10. d4 Bf6 11. Nf1 Ng5 12. Nxg5 Bxg5 13. Ng3 Bxc1 14. Rxc1 Qf6
15. Bf1 Ne7 16. Re3 Be6 17. a4 Rad8 18. b4 c6 19. Rb1 Ng6 20. Rf3 Qh4 21. Nf5
Bxf5 22. exf5 Ne7 23. Qd2 Qf6 24. Rd1 e4 25. Rf4 d5 26. g4 Rfe8 27. Qe3 g5 28.
fxg6 Qxg6 29. Kh1 f5 30. Be2 Rg8 31. Rg1 Rdf8 32. Rg3 Qd6 33. Rg2 Kh7 34. f3
fxg4 35. Rxf8 Rxf8 36. hxg4 Qf4 37. Qxf4 Rxf4 38. fxe4 dxe4 39. c4 Kg6 40. Kh2
Kg5 41. Kg3 Ng8 42. Rh2 Nf6 43. Rxh6 Rf3+ 44. Bxf3 Kxh6 45. Bd1 Kg5 46. Bc2 b6
47. Bb1 Nxg4 48. Bxe4 c5 49. dxc5 bxc5 50. b5 Ne5 51. Bd5 Kf5 52. a5 Nd7 53. b6
a6 54. Bb7 Nb8 55. Kf3 Ke5 56. Ke3 Kf5 57. Ba8 Ke5 58. Bb7 Kf5 59. Kf3 Ke5 60.
Ke3 Kf5  1/2-1/2

[Event "2. BUNDESLIGA MITTE 2017/2018"]
[Site "St. Valentin, Pinggau/Villach/Taufkirchen, Fuerstenfeld, St. Veit"]
[Date "2018.02.09"]
[Round "7"]
[Board "5"]
[White "Tomazini, Aljosa"]
[Black "Domarkaite, Laima"]
[Result "1-0"]
[WhiteElo "2350"]
[BlackElo "2129"]
[PlyCount "41"]
[EventDate "2017.10.27"]
[EventType "team"]
[EventRounds "11"]
[EventCountry "AUT"]
[WhiteTeam "SC MPOE Maria Saal 2"]
[BlackTeam "Schachfreunde Graz"]

1. d4 d5 2. c4 e6 3. Nc3 Nf6 4. Nf3 Nbd7 5. Bf4 dxc4 6. e4 Bb4 7. Bxc4 Nxe4 8.
O-O Bd6 9. Ne5 Nxc3 10. bxc3 Qf6 11. Qf3 O-O 12. Qg3 Re8 13. Rae1 h6 14. Re4
Nf8 15. Bd3 Kh8 16. Qh3 Nh7 17. Bd2 Bxe5 18. dxe5 Qe7 19. Rh4 f5 20. exf6 Nxf6
21. Bg5  1-0

[Event "2. BUNDESLIGA MITTE 2017/2018"]
[Site "St. Valentin, Pinggau/Villach/Taufkirchen, Fuerstenfeld, St. Veit"]
[Date "2018.02.09"]
[Round "7"]
[Board "6"]
[White "Kastner, Walter"]
[Black "Rieger, Robert"]
[Result "0-1"]
[WhiteElo "2191"]
[BlackElo "2296"]
[PlyCount "62"]
[EventDate "2017.10.27"]
[EventType "team"]
[EventRounds "11"]
[EventCountry "AUT"]
[WhiteTeam "Schachfreunde Graz"]
[BlackTeam "SC MPOE Maria Saal 2"]

1. d4 d5 2. Bf4 Nf6 3. e3 c5 4. Nc3 a6 5. dxc5 Nc6 6. Na4 e5 7. Bg3 Qa5+ 8. c3
Bxc5 9. Nxc5 Qxc5 10. Nf3 Qe7 11. h3 O-O 12. Be2 Rd8 13. O-O Ne4 14. Bh2 Bf5
15. Nd2 d4 16. exd4 exd4 17. c4 Nc3 18. bxc3 dxc3 19. Bf3 Rxd2 20. Qb3 Nd4 21.
Qxb7 Qxb7 22. Bxb7 Re8 23. Kh1 Bd3 24. Rfc1 c2 25. c5 Be4 26. Bf4 Rxf2 27. Be3
Bxg2+ 28. Kg1 Rxe3 29. Bxg2 Rd2 30. c6 Rg3 31. Kh1 Rgxg2  0-1